000 00450nam a22001577a 4500
005 20170828145721.0
020 _a8186562001
_c225.00
035 _aB-058743
037 _aDPL
_bENG
100 _aBhattacharyya, S.N.
245 _aManatma Gandhi :
_bThe journalist /
_cby S.N. Bhattacharyya
250 _a2nd ed.2000
260 _aNew Delhi
_bNational Gandhi Museum
300 _a196p.
_c20 cms.
942 _2ddc
_cEN
_h301.153
_mGAN
999 _c64965
_d64965